00471nam a2200133Ia 4500008004100000024005300041082001800094100007300112245004900185260002600234600002700260650003300287999001700320260210s9999 xx 000 0 und d a03-54-EE, 03-29-EE, 03-217-EE & 03-11-EE a629.89072 RIZ aRizwan Yasin, Mir Noman Ali, Mohummad Riazuddin & Khashif Shajer 0aMicro Controller Based Stepper Motor Control aKarachi:bUITU,c1995 aElectronic Engineering aBachelor of Engineering (BE) c32872d32872